Antiplagiátorský systém bakalárska práca

Saved in:
Bibliographic Details
Main Author: Batuna, Juraj
Corporate Author: Fakulta hospodárskej informatiky EU. Katedra operačného výskumu a ekonometrie
Other Authors: Feik, Michal
Format: Book
Language:Slovak
Published: Bratislava 2011
Tags: Add Tag
No Tags, Be the first to tag this record!

MARC

LEADER 00000nbm a2200000 4500
001 0141042
005 20161109111730.3
041 0 |a slo 
044 |a SK 
245 1 0 |a Antiplagiátorský systém  |b bakalárska práca  |c Juraj Batuna ; školiteľ: Michal Feik 
264 1 |a Bratislava  |c 2011 
300 |a 46 s. 
100 1 |a Batuna, Juraj 
700 1 |a Feik, Michal 
710 2 |a Fakulta hospodárskej informatiky EU. Katedra operačného výskumu a ekonometrie